Statistics for Pauly Shore Filmography

Click here to take the quiz!

General Stats

  • This quiz has been taken 8 times
    (3 since last reset)
  • The average score is 10 of 110

Answer Stats

TypeYearName% Correct
Film1992Encino Man
67%
Film1994In the Army Now
67%
Film1993Son in Law
67%
Film198818 Again!
33%
Film2009Adopted
33%
Film1995A Goofy Movie
33%
Film2000An Extremely Goofy Movie
33%
Film1996Bio-Dome
33%
Film1997Casper: A Spirited Beginning
33%
Film1998Casper Meets Wendy
33%
TV Show1999Fantasy Island
33%
Film1988For Keeps
33%
TV Show2000Futurama
33%
Film2020Guest House
33%
TV Show2016Hell's Kitchen
33%
Film1995Jury Duty
33%
TV Show1999King of the Hill
33%
Film1989Lost Angels
33%
TV Show1989Married... with Children
33%
Film2005My Big Fat Independent Movie
33%
TV Show1997Pauly
33%
Film2003Pauly Shore Is Dead
33%
Documentary2014Pauly Shore Stands Alone
33%
Film2021Pinocchio: A True Story
33%
Film2019Pororo 5: Treasure Island Adventure
33%
Film2017Sandy Wexler
33%
Film2017The Little Penguin Pororo's Dinosaur Island Adventure
33%
Film2001The Wash
33%
TV Show198721 Jump Street
0%
TV Show2018Alone Together
0%
TV Show2017Animals.
0%
Short Film2016Anthony Weiner's Other Sexts
0%
TV Show2009Are You Smarter Than a 5th Grader?
0%
TV Show1996Beverly Hills, 90210
0%
TV Show1990, 1991, 1993Bobby's World
0%
Music Video2000Break Stuff
0%
Film2011Bucky Larson: Born to Be a Star
0%
TV Show1989CBS Summer Playhouse
0%
Film1992Class Act
0%
TV Show2008CMT Paid Vacation with Pauly Shore
0%
TV Show2012Comedy Bang! Bang!
0%
TV Show2006Comics Unleashed
0%
TV Show2010Cubed
0%
TV Show2020Down to Business
0%
Film2009Dr. Dolittle: Million Dollar Mutts
0%
TV Film1989Dream Date
0%
Short Film2011Ed Hardy Boyz 2: The Case of When That Hot Filipina Girl Lost Her Tramp Stamp at Mini-Golf
0%
Music Video1993Electric Harley House of Love
0%
TV Show2005, 2007Entourage
0%
TV Show2004Father of the Pride
0%
TV Show2014Gotham Comedy Live
0%
TV Show2015Hawaii Five-0
0%
TV Film1999Hefner: Unauthorized
0%
Web Mini-Series2023Hooray for Paulywood
0%
Film2021How It Ends
0%
TV Show2014Last Comic Standing
0%
Short Film2009Last Day Dream
0%
Web Series2018Liverspots and Astronots
0%
Music Video2001Livin' It Up
0%
TV Show1995, 1997, 2005MADtv
0%
TV Show2005Minding the Store
0%
TV Show1997Mr. Rhodes
0%
TV Show2003MTV Cribs
0%
TV Show2005My Super Sweet 16
0%
Music Video1999N 2 Gether Now
0%
TV Show1999Nash Bridges
0%
Film2007Natural Born Komics
0%
Film2009Opposite Day
0%
Stand-Up Special1993Pauly Does Dallas
0%
TV Special2009Pauly Shore & Friends
0%
Stand-Up Special2012Pauly Shore's Pauly~tics
0%
Stand-Up Special2011Pauly Shore's Vegas Is My Oyster
0%
Film1989Phantom of the Mall: Eric's Revenge
0%
Documentary Mini-Series2022Phat Tuesdays
0%
TV Show2003Punk'd
0%
TV Show2015Randy Cunningham: 9th Grade Ninja
0%
Short Film2002Rebel Fish
0%
Film2000Red Letters
0%
TV Show2020Ridiculousness
0%
Short Film1989Rock & Read
0%
Short Film2018Sin City Psycho
0%
TV Show2017Star vs. the Forces of Evil
0%
TV Show1988St. Elsewhere
0%
TV Show2005Steve Harvey's Big Time Challenge
0%
Film2011Stonerville
0%
TV Show2007, 2008Sunset Tan
0%
Documentary Mini-Series2021Superstar
0%
TV Show2020Tales from the Trip
0%
Film2019The Big Trip
0%
TV Film2000The Bogus Witch Project
0%
Documentary Mini-Series2020The Comedy Store
0%
Film1997The Curse of Inferno
0%
TV Show2006The Fabulous Life Presents: Really Rich Real Estate
0%
TV Show2006The Girls Next Door
0%
TV Show2003, 2004The Jamie Kennedy Experiment
0%
Film2007The Junior Defenders
0%
TV Show1994The Larry Sanders Show
0%
Web Series2020The Midnight Gospel
0%
TV Film2000The Princess & the Barrio Boy
0%
TV Show2008The Two Coreys
0%
Short Film1992Time Out: The Truth About HIV, AIDS, and You
0%
TV Show1990-1995Totally Pauly
0%
TV Show1998V.I.P.
0%
Film1989Wedding Band
0%
TV Special1989What's Alan Watching?
0%
TV Film2012Whiskey Business
0%
Music Video2013Whistle While I Work It
0%
Film2009Why Men Go Gay in L.A.
0%
TV Show2007Wild 'N Out
0%
TV Show2016Workaholics
0%

Score Distribution

Percentile by Number Answered

Percent of People with Each Score

Your Score History

You have not taken this quiz since the last reset